European Cities by Football Club - Statistics

General Stats
  • This quiz has been taken 76 times
  • The average score is 16 of 22
Answer Stats
Club City % Correct
AFC Ajax Amsterdam
99%
Chelsea FC London
97%
Everton FC Liverpool
93%
Juventus FC Turin
93%
Aston Villa FC Birmingham
90%
Celtic FC Glasgow
90%
Galatasaray SK Istanbul
89%
SL Benfica Lisbon
89%
SS Lazio Rome
86%
Feyenoord Rotterdam
83%
Panathinaikos FC Athens
81%
RCD Espanyol Barcelona
81%
BSC Young Boys Bern
78%
Real Betis Seville
65%
Atalanta BC Bergamo
61%
Ferencvárosi TC Budapest
60%
FC St. Pauli Hamburg
57%
Real Sociedad San Sebastián
49%
PAOK FC Thessaloniki
44%
CA Osasuna Pamplona
32%
Olympiacos FC Piraeus
32%
Deportivo Alavés Vitoria-Gasteiz
17%
No matching quizzes found
Score Distribution
Percent of People with Each Score
Percentile by Number Answered
Your Score History
You have not taken this quiz